000 01237namaa2200301 i 4500
003 EG-GICUC
005 20260701121715.0
008 260701s1999 ua b|||jr|||| 000 0 ara d
040 _aEG-GiCUC
_bara
_cEG-GiCUC
_dEG-GiCUC
_erda
043 _af-ua---
082 0 4 _221
_a938.08
_bN254
092 0 4 _221
_a 938.08
_bN254
099 _a 938.08 N254 1999
100 1 _aالناصرى، سيد أحمد على
_eمؤلف.
245 1 2 _aالاغريق تاريخهم وحضارتهم من العصر الهيللادى حتى بداية العصر الهللينستى /
_cدكتور سيد أحمد على الناصرى
250 _aالطبعة الخامسة
264 _aالقاهرة (مصر) :
_bدار النهضة العربية،
_c1999.
300 _a542 صفحة :
_bخرائط ؛
_c24 سم
336 _2rdacontent
_atext
337 _2rdamedia
_aUnmediated
338 _2rdacarrier
_avolume
504 _aيشتمل على ارجاعات ببليوجرافية
541 _aد. حسنين ربيع ؛
_bالقاهرة ؛
_cإهداء ؛
_d2024.
650 1 7 _aالحضارة الاغريقية
_xتاريخ
_yالهللينستى
_y146-323 ق.م
_2qrmak
651 1 _2qrmak
905 _aNermeen
942 _2ddc
_cBK
_e21
_n0
999 _c180673
_d180673